Explaining growth in South Asia (Record no. 3448)

MARC details
000 -LEADER
fixed length control field 00697 a2200205 4500
010 ## - LIBRARY OF CONGRESS CONTROL NUMBER
LC control number ENG-85778
020 ## - INTERNATIONAL STANDARD BOOK NUMBER
International Standard Book Number 0195677927
Terms of availability 675.00
035 ## - SYSTEM CONTROL NUMBER
System control number EN-69311
037 ## - SOURCE OF ACQUISITION
Source of stock number/acquisition D.B.Act / PUB
082 14 - DEWEY DECIMAL CLASSIFICATION NUMBER
Classification number 338.954
090 ## - LOCALLY ASSIGNED LC-TYPE CALL NUMBER (OCLC); LOCAL CALL NUMBER (OCLC)
-- 3515
-- 3515
245 1# - TITLE STATEMENT
Title Explaining growth in South Asia
Statement of responsibility, etc edited by Kirit S. Parikh
260 ## - PUBLICATION, DISTRIBUTION, ETC. (IMPRINT)
Place of publication, distribution, etc New Delhi
Name of publisher, distributor, etc Oxford University Press
Date of publication, distribution, etc 2006
270 ## - ADDRESS
Address YMCA Library Building, Jai Singh Road,
City New Delhi, Akshaya Prakashan
State or province Delhi
Postal code 110 001
300 ## - PHYSICAL DESCRIPTION
Extent xix, 495p.
Dimensions 21cm (Hb)
500 ## - GENERAL NOTE
General note Includes index.
700 ## - ADDED ENTRY--PERSONAL NAME
Personal name Parikh, Kirit S .
942 ## - ADDED ENTRY ELEMENTS (KOHA)
Institution code [OBSOLETE] dpl
Koha item type English Books
Call number prefix 338.954 / EXP
Holdings
Withdrawn status Lost status Source of classification or shelving scheme Damaged status Not for loan Collection code Home library Current library Source of acquisition Cost, normal purchase price Total Checkouts Full call number Barcode Date last seen Copy number Uniform Resource Identifier Cost, replacement price Price effective from Koha item type
    Dewey Decimal Classification   Not For Loan Non-fiction D.B.Act.Division D.B.Act.Division DBAD/PUB 675.00   338.954 EXP EN-69311 15/09/2008 1 3677 675.00 15/09/2008 English Books

© Delhi Public Library
Hit Counter
free hit counter